Estadísticas para Los 8 Equipos con mas titulos de la Champions League de la UEFA

Haz click aquí para intentar la prueba.

Estadísticas generales

  • Esta prueba ha sido intentada 94 veces
  • La puntuación promedio es 7 de 8

Estadísticas de respuestas

Total de titulos obtenidos (2023)Equipo% Correcto
Es el tercer equipo empatado con otro en tener mas Champions con 6 en su palmares.
Es un equipo de la Premier League. La Champions conseguida fue en 2018-2019 en Madrid, España, en contra de Tottenham
Liverpool
100%
Es el equipo con mas Champions League, con un total de 14 titulos de esta
competencia, este equipo juega en la Liga Española y es apodado como el
Rey de Europa. La ultima Champions conseguida fue en 2021-2022 en contra de Liverpool.
Real Madrid
100%
Este equipo cuenta con un total de 5 Champions en su historia, es catalogado como unos de los equipos mas grandes de Europa y los mas influyentes en el futbol moderno. La ultima Champions conseguida fue en 2014-2015 en Berlín, Alemania, en contra de la Juventus.Barcelona
96%
Es un equipo de la Premier League que cuenta con 3 Champions League, es catalogado como unos de los equipos grandes de Inglaterra, lamentablemente el equipo inglés no esta pasando momentos favorables para la institucion y sus fans como los tiempos que eran antes, pero aun asi son catalogados como unos de los equipos mas ganadores de Inglaterra. La ultima Champions conseguida del equipo inglés fue en 2007-2008 en Moscú, Rusia en contra de Chelsea.Manchester United
96%
Este equipo cuenta con 4 titulos de la Champions League, es un equipo neerlandés que se caracteriza por formar y vender jugadores a los demas equipos. Siendo casi el equipo que mas vende al año. La ultima Champions conseguida fue en 1994-1995 en Viena, Austria, en contra del AC MilánAjax
93%
Es el segundo equipo con mas Champions, con un total de 7 titulos en sus
vitrinas, es un equipo italiano que es considerado como unos de los equipos grandes
de Europa. El ultimo Champions consiguido fue en la Champions 2006-2007 en Atenas, Grecia disputando la Final en contra de Liverpool
AC Milán
90%
El equipo cuenta con 3 Champions League, es un equipo italiano que es unos de los equipos mas grandes de Italia, tiene una rivalidad con su equipo vecino el AC Milán. La ultima Champions League conseguida fue en la Champions 2009-2010 en Madrid, España disputando la final contra Bayern de Múnich.Inter de Milán
83%
Es el tercer equipo empatado con otro en tener mas Champions, con un total de 6 titulos.
Es un equipo alemán que tambien se caracteriza por ganar la liga cada año en su país.
La ultima Champions de este equipo fue en la 2019-2020 en Lisboa, Portugal contra Paris Saint Germain Ademas la final se jugo sin aficionados por la epidemia del coronavirus.
Bayern Múnich
80%

Distribución de puntuación

Porcentaje por número respondido

Porcentaje de gente con cada puntuación

Historial de tus puntuaciones

No has intentado esta prueba.